Alan Alda: TV, Movie or Stage? Quiz Stats

 Plays Quiz not verified by Sporcle

Score 0/30 Timer 04:00
0 Plays Today
% Correct
Television
87.7%
Television
87.5%
Television
87.1%
Movie
86.8%
Television
86.4%
Television
85.7%
Stage
83.8%
Movie
82.3%
Movie
77.1%
Television
72.3%
Stage
71.8%
Movie
68%
Stage
67%
Stage
66.1%
Movie
63.2%
% Correct
Television
62.9%
Stage
62.3%
Movie
62.3%
Stage
61.3%
Movie
60.4%
Television
57.5%
Movie
55.4%
Television
46.1%
Movie
43.8%
Stage
43.4%
Stage
40.9%
Stage
40.7%
Stage
30.9%
Movie
28.6%
Television
25%

You're not logged in!

Compare scores with friends on all Sporcle quizzes.
OR
Log In

Sporcle TV

Today on Sporcle TV


Watch our educational content, quiz creation guides, and fun videos on Sporcle TV.

Show Comments

Extras

Top Quizzes Today


Score Distribution

Your Account Isn't Verified!

In order to create a playlist on Sporcle, you need to verify the email address you used during registration. Go to your Sporcle Settings to finish the process.

Report this User

Report this user for behavior that violates our Community Guidelines.

Details: